Statistics for Below The Surface - Griffinilla Lyrics

Click here to take the quiz!

General Stats

  • This quiz has been taken 17 times
  • The average score is 109 of 156

Answer Stats

Answer% Correct
He
100%
Underground
100%
Are
88%
be
88%
circus
88%
close,
88%
down
88%
feeling
88%
follow
88%
for
88%
instructions
88%
is
88%
Listen
88%
made
88%
My
88%
my
88%
no
88%
one
88%
Power
88%
save
88%
surface
88%
that
88%
The
88%
the
88%
There
88%
time
88%
to
88%
us
88%
was
88%
We
88%
we
88%
Welcome
88%
you
88%
You'll
88%
you'll
88%
Below
75%
deserve
75%
Did
75%
here
75%
His
75%
lead
75%
means
75%
nervous?
75%
voice
75%
breath
63%
Built
63%
closer
63%
composure
63%
cream
63%
creeping
63%
deceive
63%
find
63%
ice
63%
I'll
63%
inside
63%
introductions
63%
just
63%
keeping
63%
left
63%
place
63%
purpose
63%
scream
63%
serve
63%
So
63%
Something's
63%
take
63%
This
63%
this?
63%
wants
63%
with
63%
without
63%
your
63%
You're
63%
all
50%
brain
50%
controlled
50%
Daddy,
50%
freeze
50%
help
50%
Hold
50%
lights
50%
machine
50%
please
50%
shocks
50%
springlocks
50%
stage
50%
There's
50%
tighten
50%
up
50%
will
50%
behind
38%
vent,
38%
and
25%
And
25%
butters
25%
first,
25%
last
25%
mask
25%
Through
25%
Exotic
13%
Yeah,
13%

Score Distribution

Percentile by Number Answered

Percent of People with Each Score

Your Score History

You have not taken this quiz